| 000 | 00628nam a22002057a 4500 | ||
|---|---|---|---|
| 005 | 20251108175337.0 | ||
| 008 | 250721s2013 xx 000 0 ara d | ||
| 082 | 1 | 4 | _aط/ق/سيس |
| 100 | 1 | _aالسيسي، عبد العزيز | |
| 245 | 1 | 0 | _aمحراث العمدة / |
| 264 | 1 |
_aالقاهرة : _bدار روان، _c2013. |
|
| 300 | _a8.ص.مص . | ||
| 490 | 0 | _aسلسلة روائع القصص | |
| 650 | 1 | 7 | _aالأدب القصصي |
| 650 | 1 | 7 | _aالقصص العربية |
| 650 | 1 | 7 | _aالأطفال |
| 653 | _aأطفال مرحلة متوسطة (6 -9 سنوات ) | ||
| 942 |
_2ddc _cBK |
||
| 999 |
_c131908 _d131908 |
||